| 000 | 01402nam a2200385 i 4500 | ||
|---|---|---|---|
| 001 | 6266 | ||
| 003 | KOSZ 005 | ||
| 005 | 20221116103604.0 | ||
| 008 | 970510s1993 pl f f |000 0 pol | ||
| 015 | _aPB 1993/10645 | ||
| 040 |
_aWA N _cWA N _dKOSZ 005/HR |
||
| 046 | _k1993 | ||
| 080 | _a005 | ||
| 080 | _a(075.8) | ||
| 245 | 0 | 0 |
_aMateriały do ćwiczeń z organizacji i zarządzania : _bskrypt dla studentów kierunków ekonomicznych, prawnych, administracyjnych / _c[red. nauk. Janusz Jamroga ; aut. Barbara Dobrodziej et al.] ; Uniwersytet Szczeciński. |
| 250 | _a[Wyd. 2]. | ||
| 260 |
_aSzczecin : _bWydawnictwo Naukowe US, _c1993. |
||
| 300 |
_a105 s. ; _c24 cm. |
||
| 336 |
_2rdacontent _aTekst _btxt |
||
| 337 |
_2rdamedia _aBez urządzenia pośredniczącego _bn |
||
| 338 |
_2rdacarrier _aWolumin _bnc |
||
| 380 | _aKsiążki | ||
| 388 | _a1901-2000 | ||
| 388 | _a1989-2000 | ||
| 504 | _aBibliogr. przy rozdz. | ||
| 650 | 4 | _aOrganizacja | |
| 650 | 4 | _aZarządzanie | |
| 655 | 4 | _aPodręczniki akademickie | |
| 658 | _aZarządzanie i marketing | ||
| 700 | 1 |
_aJamroga, Janusz _eRedakcja |
|
| 700 | 1 |
_aDobrodziej, Barbara _eRedakcja |
|
| 710 | 2 |
_aWydawnictwo Naukowe Uniwersytetu Szczecińskiego _b _4pbl. |
|
| 856 |
_uhttp://koha.tu.koszalin.pl/cgi-bin/koha/opac-detail.pl?biblionumber=6266 _yKatalog online BPK |
||
| 942 |
_2UKD _cKS |
||
| 999 |
_c6266 _d6266 |
||